000 00700nam a2200229Ia 4500
003 OSt
005 20220923220259.0
006 a|||||r|||| 00| 0
007 ta
008 220922b |||||||| |||| 00| 0 hin d
024 _a185,657
037 _cTextual
040 _aARTS
_cARTS
_bhin
041 _2hin
_ahin
082 _aY1:1.2'A, 152K3
100 _aअग्निहोत्री, प्रभुदयाल
245 0 _aपंतजलिकालीन भारत
246 _aPantajalikālīn bhārata
260 _c1963
942 _hY1:1.2'A, 152K3
_cTEXL
_2CC
999 _c338903
_d338903